1353 1992 1056 1201 1382 1461 1330 1706 1320 1730 1913 1548 1922 1668 1570 1376 1939 1796 1061 1828 1056 1750 1304 1959 1233 1013 1498 1529 1037 1484 1340 1531 1227 1274 1323 1732 1390 1766 1937 1319 1413 1315 1894 1331 1041 1538 1675 1661 1395 1190 1035 1098 1403 1120 1590 1510 1772 1915 1670 1596 1060 1092 1203 1638 1688 1317 1750 1149 1279 1493 1709 1872 1828 1145 1032 1208 1877 1829 1054 1679 1294 1466 1411 1197 1886 1560 1692 1075 1217 1016 1964 1343 1526 1920 1639 1321 1594 1978 1403 BCNSPRNW ULIB Ver.6.0+V

เปลี่ยนเป็นภาษาไทย

Change to English
 แสดงรายละเอียดบรรณานุกรม
  กลับหน้าหลัก

Brief Record : Get Marc (ISO 2709) : E-mail record : QR code < ปิดหน้าต่าง
LEADER : 00000nam 2200000uu 4500
001    13399108714
003     ULIB
008    110314s2546||||th 000 0 tha d
020    9747423332
060 04 WY154^bกพ492 2546
245 00 การพยาบาลผู้ป่วยภาวะวิกฤต =^bCritical care nursing /^cวิจิตรา กุสุมภ์, บรรณาธิการ
246 31 Critical care nursing
250    พิมพ์ครั้งที่ 2 ฉบับปรับปรุง
260    กรุงเทพฯ :^bสหประชาพาณิชย์,^c2546
300    348 หน้า :^bภาพประกอบ ;^c26 ซม.
504    มีบรรณานุกรมและดัชนี
650  7 ผู้ป่วยหนัก, การดูแล
650  7 ภาวะฉุกเฉิน
700 0  วิจิตรา กุสุมภ์,^cบรรณาธิการ
945    ^p250^l0^i017186
945    ^p250^l0^i017184
945    ^p250^l0^i017183
945    ^p250^l0^i017182
945    ^p250^l0^i017181
945    ^p250^l0^i017179
945    ^p250^l0^i017185
945    ^p250^l0^i017180
945    ^p250^l0^i017178
995    เกษร
999 ^a ใช้งานได้ทุกระบบ
รายการนี้ยังไม่มีแท็ก
คุณยังไม่ได้ล็อกอิน คุณสามารถมีกิจกรรมร่วมกับเว็บไซต์ได้ แต่ต้องล็อกอินก่อน ::
  ล็อกอิน

รายการสื่อสารสนเทศ

ลำดับที่ ประเภท เลขเรียก/บาร์โค้ด สถานที่ สถานะ
- ไม่พบข้อมูล -

รายการใกล้เคียง
    หัวเรื่อง [ผู้ป่วยหนัก, การดูแล]
    หัวเรื่อง [ภาวะฉุกเฉิน]

BibComment


ยังไม่เคยถูกคอมเมนท์

คอมเมนท์ทรัพยากรรายการนี้
  คอมเมนท์: การพยาบาลผู้ป่วยภ..


 Copyright 2026. Bcnsprnw @Library